| 000 | 00692nam a2200217u 4500 | ||
|---|---|---|---|
| 999 |
_c12174 _d12174 |
||
| 005 | 20180619162017.0 | ||
| 007 | ta | ||
| 008 | 100607|||||||||||||||||||||||||||||eng|u | ||
| 010 | _a658 | ||
| 100 | 1 |
_aKISIL, Marcos _96192 |
|
| 245 | 1 | 0 |
_aGestao da mudanca organizacional _cMarcos Kisil |
| 260 | 0 |
_aSao Paulo _bFaculdade de Saude Publica da Universidade de Sao Paulo _c1998 |
|
| 300 | _a55p | ||
| 440 |
_aSerie Saude & Cidadania _96193 |
||
| 650 | 4 |
_aGestao _96042 _xMudanca organizacional |
|
| 650 | 4 |
_aMunicipios _xMudanca organizacional _yBrasil _96194 |
|
| 650 | 4 |
_aSaude publica _xMudanca organizacional _96195 |
|
| 942 |
_2udc _cBK |
||